000 00306nam a2200133Ia 4500
008 191201s2007 xx 000 0 und d
082 _a658.15
_bMEM
100 _aMEHTA, P L
245 0 _aManagerial Economics
260 _aN.Delhi
_bSultan Chand
_c2007
300 _a837
650 _aMBA
942 _2ddc
_cBK
999 _c2795
_d2795